| 000 | 01243nam a2200337 i 4500 | ||
|---|---|---|---|
| 001 | 13407 | ||
| 003 | KOSZ 005 | ||
| 005 | 20190927102046.0 | ||
| 008 | 080821s1962 pl a f f 000 0 pol | ||
| 015 | _aPB 1962/7973 | ||
| 040 |
_aWA N _cWA N _dKOSZ 005/RW |
||
| 080 | _a624 | ||
| 100 | 1 | _aWeiss, Stanisław. | |
| 245 | 1 | 0 |
_aWymiarowanie prętowych konstrukcji metalowych według teorii ustrojów cienkościennych : _bpodstawy wytrzymałościowe / _cStanisław Weiss. |
| 260 |
_aWarszawa : _bArkady, _c1962. |
||
| 300 |
_a72 strony : _bilustracje ; _c21 cm. |
||
| 336 |
_aTekst _btxt _2rdacontent |
||
| 337 |
_aBez urządzenia pośredniczącego _bn _2rdamedia |
||
| 338 |
_aWolumin _bnc _2rdacarrier |
||
| 380 | _aKsiążki. | ||
| 490 | 1 |
_aBiblioteka Inżynierii i Budownictwa ; _v2. |
|
| 504 | _aBibliografia na stronach 61-[63]. | ||
| 650 | 4 | _aPręty | |
| 658 | _aArchitektura i budownictwo | ||
| 650 | 4 | _aMechanika | |
| 650 | 4 | _aKonstrukcje metalowe | |
| 710 | 2 |
_aWydawnictwo Arkady _4pbl. |
|
| 830 | 0 |
_aBIB Biblioteka Inżynierii i Budownictwa ; _v2. |
|
| 856 |
_uhttp://koha.tu.koszalin.pl/cgi-bin/koha/opac-detail.pl?biblionumber=13407 _yKatalog online BPK |
||
| 942 |
_2UKD _cKS |
||
| 999 |
_c13407 _d13407 |
||